000 00362nam a2200157Ia 4500
003 OSt
005 20240223165313.0
008 170524s9999 xx 000 0 und d
020 _a978-8131733660
040 _cIIMT UNIVERSITY MEERUT
100 _aHughes
245 0 _aElectrical Electronic Technology
260 _bPearson
260 _c2007
942 _2ddc
_c02
999 _c5174
_d5174